Análisis de circuitos transistorizados

Saved in:
Bibliografiske detaljer
Main Authors: Gronner, Alfred D (Author), Mehra, Raj (Author)
Format: Bog
Sprog:spansk
Udgivet: Bogotá Fondo Educativo Interamericano 1974
Fag:
Tags: Tilføj Tag
Ingen Tags, Vær først til at tagge denne postø!

MARC

LEADER 00000nam a2200000 a 4500
001 UCV4469
003 CL-VaPUC
008 930715e19740000CK |||||||||||||||||spa|d
082 0 4 |a 621.381  |b GRO  |2 21 
100 0 |a Gronner, Alfred D  |e author  |9 298719 
700 0 |a Mehra, Raj  |e author  |9 298720 
245 1 0 |a Análisis de circuitos transistorizados 
300 |a 159 p 
942 |c BK 
945 |d 19930715 00:00:00  |a mfernand 
260 |a Bogotá  |b Fondo Educativo Interamericano  |c 1974 
650 7 |a CIRCUITOS DE TRANSISTORES  |2 CL-VaPUC  |9 260706 
650 7 |a REALIMENTACION ELECTRONICA  |2 CL-VaPUC  |9 260707 
583 |a last modification  |c 20160104 00:44:07  |k Rodrigo Vera 
999 |c 211281  |d 211279